| 000 | 00425nam a2200157Ia 4500 | ||
|---|---|---|---|
| 003 | GCL | ||
| 008 | 140319s9999 xx 000 0 eng d | ||
| 040 |
_aGCL / _cGCL |
||
| 082 | 0 | 4 |
_a582.019218 _bH T? |
| 100 | 1 | _aHORBORNE,J.B | |
| 245 | 1 | 0 |
_aThe Flavonoids: Advances in research Since 1986: 1st ed / _cHORBORNE,J.B |
| 260 |
_a[S.N] : _bCHAPMAN & HALL ، _c1993 |
||
| 300 | _a676 | ||
| 650 | 0 | 4 | _aFLAVONAIDS |
| 942 |
_2ddc _cBK |
||
| 999 |
_c22680 _d22680 |
||